Reminiscências da guerra do Paraguai / (Record no. 1277)

MARC details
000 -LÍDER
Campo Fixo de Controle 00879nam a2200265 a 4500
001 - NÚMERO DE CONTROLE
Campo de Controle 1277
003 - IDENTIFICAÇÃO DO NÚMERO DE CONTROLE
Campo de Controle BR-CuiBMT
005 - DATA E HORA DA ÚLTIMA ATUALIZAÇÃO
Campo de Controle 20231215190152.0
008 - DADOS FIXOS
Dados Fixos 231201s2011 dfb 001 0 por d
020 ## - INTERNATIONAL STANDARD BOOK NUMBER
Nº do ISBN 9788570183460
040 ## - AGÊNCIA CATALOGADORA
Código da Agência Catalogadora BR-CuiBMT
Agência que transcreveu o registro BR-CuiBMT
080 ## - Nº DA CLASSIFICAÇÃO DECIMAL UNIVERSAL
Nº Class. CDU 94
Subd. Auxiliar Comum (81).067
Nº edição CDU 2007
090 ## - NÚMERO DE CHAMADA
Nº classificação 94(81).067
Cutter J12r
100 1# - ENTRADA PRINCIPAL -- AUTOR PESSOAL
Nome pessoal Jaceguai, Artur Silveira da Mota,
Títulos e outras palavras associadas ao nome Barão de,
Datas associadas ao nome 1843-1914
245 10 - TÍTULO PRINCIPAL
Título principal Reminiscências da guerra do Paraguai /
Indicação de responsabilidade Artur Jaceguai.
260 ## - PUBLICAÇÃO, DISTRIBUIÇÃO, ETC.
Local de publicação Brasília :
Editora Senado Federal,
Data 2011.
300 ## - DESCRIÇÃO FÍSICA
N. páginas ou volumes 220 p. ;
Dimensões 23 cm
490 1# - INDICAÇÃO DE SÉRIE
Título da série Coleção edições do Senado Federal ;
Volume/designação sequencial da série v. 152
500 ## - NOTAS GERAIS
Notas gerais Inclui índice.
650 ## - ASSUNTO TÓPICO
Cabeçalho tópico ou nome geográfico Paraguai, Guerra do, 1865-1870
Subdivisão geral Narrativas pessoais brasileiras
650 ## - ASSUNTO TÓPICO
Cabeçalho tópico ou nome geográfico Guerra do Paraguai
Subdivisão geral História
Subdivisão geográfica Brasil
651 04 - ASSUNTO -- NOME GEOGRÁFICO
Nome geográfico Brasil
Subdivisão geral História
830 #0 - ENTRADA SECUNDÁRIA DE SÉRIE -- TÍTULO UNIFORME
Título uniforme Edições do Senado Federal ;
Nº do volume/designação sequencial da série 152
942 ## - ELEMENTOS DE ENTRADA ADICIONAIS (KOHA)
Fonte de classificação ou esquema de arquivamento Classificação Decimal Universal
Tipo de item do Koha Livros
Holdings
Estado: removido Estado: perdido Fonte de classificação ou esquema de arquivamento Estado: danificado Indisponível para empréstimo Localização permanente Localização atual Data de aquisição Total Checkouts Número de Chamada completo Código de barras Date last seen Número do exemplar Preço efetivo a partir de Tipo de item (Koha)
    Classificação Decimal Universal     Biblioteca da Escola Superior de Contas do TCE/MT Biblioteca da Escola Superior de Contas do TCE/MT 03/12/2023   94(81).067 J12r BIBTCEMT23120095 03/12/2023 Ex. 1 03/12/2023 Livros
    Classificação Decimal Universal     Biblioteca da Escola Superior de Contas do TCE/MT Biblioteca da Escola Superior de Contas do TCE/MT 15/12/2023   94(81).067 J12r BIBTCEMT23120558 15/12/2023 Ex. 2 15/12/2023 Livros

Powered by Koha